Statistiche per Ultimo - Piccola stella - testo

Clicka qui per fare il quiz!

Statistiche generali

  • Questo quiz è stato fatto 186 volte
  • Il punteggio medio è 244 su 294

Statistiche sulle risposte

Risposta% Corretto
la
99%
piccola
99%
stella
99%
sei
98%
Sei
98%
che
95%
Che
95%
in
95%
a
94%
ho
90%
e
89%
è
89%
E
89%
ne
89%
luce
88%
mia
88%
non
88%
cui
86%
porto
86%
cielo
85%
da
85%
il
85%
Nei
85%
vita
85%
di
84%
momenti
84%
mondo
83%
più
83%
indosso
82%
Tu
82%
bella
81%
Donna
81%
Ma
81%
Per
81%
per
81%
un
81%
sempre
80%
strada
80%
cosa
79%
alla
78%
Hai
77%
hai
77%
porta
77%
sfida
77%
Te
77%
instabile
75%
mio
75%
lo
74%
risorsa
74%
migliore
73%
compreso
72%
ti
72%
cuore
71%
via
71%
dei
70%
Dei
70%
poi
70%
con
69%
fantasia
69%
miei
68%
nostalgia
68%
andata
67%
giorni
67%
Del
66%
giorno
66%
mai
66%
parte
66%
preso
66%
sostanza
66%
andati
65%
fragile
65%
L'hai
65%
ormai
65%
reso
65%
senza
65%
sogno
65%
accesa
64%
persi
64%
attimo
63%
forte
63%
nel
63%
paura
63%
spenta
63%
stessa
63%
cadere
62%
farmi
62%
resta
62%
riesce
62%
andato
61%
tempo
61%
ancora
60%
davanti
60%
ed
60%
ora
60%
quel
60%
soffia
60%
tornata
60%
vento
60%
abbastanza
59%
accanto
59%
adesso
59%
occhi
59%
restarti
59%
qui
58%
sasso
58%
Prometto
57%
dirtelo
56%
scrivo
56%
fretta
55%
l'immenso
55%
trascorso
53%
Questo
52%
Comunque
51%

Distribuzione punteggi

Percentile per numero di risposta

Percentuale di utenti per punteggio

I tuoi punteggi nel tempo

Non hai fatto questo quiz